000 00778cam a2200277 4500500
005 20260329003909.0
041 _afre
042 _adc
100 1 0 _aLacroix, Samuel
_eauthor
245 0 0 _aIls reviennent à l’élémentaire
260 _c2017.
500 _a32
690 _aConvivialité
690 _aÉpure
690 _aFacilité
690 _aIvan Illich
690 _aKinomichi
690 _aLeopold Kohr
690 _aMatali Crasset
690 _aMathématique
690 _aOlivier Rey
690 _aSimplicité
690 _aSimplification
786 0 _nPhilosophie magazine | 111 | 7-8 | 2017-07-01 | p. 32-35 | 1951-1787
856 4 1 _uhttps://shs.cairn.info/magazine-philosophie-magazine-2017-7-8-page-32?lang=fr&redirect-ssocas=7080
999 _c1828786
_d1828786